<?xml version="1.0" encoding="UTF-8"?>
<record
    xmlns:xsi="http://www.w3.org/2001/XMLSchema-instance"
    xsi:schemaLocation="http://www.loc.gov/MARC21/slim http://www.loc.gov/standards/marcxml/schema/MARC21slim.xsd"
    xmlns="http://www.loc.gov/MARC21/slim">

  <leader>00844nam a2200217Ia 4500</leader>
  <controlfield tag="003">OSt</controlfield>
  <controlfield tag="005">20250916124739.0</controlfield>
  <controlfield tag="008">210719s2017    xx            000 0 und d</controlfield>
  <datafield tag="040" ind1=" " ind2=" ">
    <subfield code="c">AL</subfield>
  </datafield>
  <datafield tag="041" ind1=" " ind2=" ">
    <subfield code="a">Kannada</subfield>
  </datafield>
  <datafield tag="082" ind1=" " ind2=" ">
    <subfield code="a">T894.2 SANG</subfield>
  </datafield>
  <datafield tag="100" ind1=" " ind2=" ">
    <subfield code="a">SANKET PUJARI</subfield>
    <subfield code="d"> &#xCB8;&#xC82;&#xC95;&#xCC7;&#xCA4;&#xCCD; &#xCAA;&#xCC2;&#xC9C;&#xCBE;&#xCB0;&#xCBF;</subfield>
    <subfield code="9">238775</subfield>
  </datafield>
  <datafield tag="245" ind1=" " ind2=" ">
    <subfield code="a">Gramadaiva shri alettura panjurli: nandarebotti daivasthanada parichaya</subfield>
    <subfield code="b">&#xC97;&#xCCD;&#xCB0;&#xCBE;&#xCAE;&#xCA6;&#xCC8;&#xCB5; &#xCB6;&#xCCD;&#xCB0;&#xCC0; &#xC85;&#xCB2;&#xCC6;&#xCA4;&#xCCD;&#xCA4;&#xCC2;&#xCB0; &#xCAA;&#xC82;&#xC9C;&#xCC1;&#xCB0;&#xCCD;&#xCB2;&#xCBF;: &#xCA8;&#xC82;&#xCA6;&#xCBE;&#xCB0;&#xCC6;&#xCAC;&#xCCA;&#xC9F;&#xCCD;&#xC9F;&#xCBF; &#xCA6;&#xCC8;&#xCB5;&#xCB8;&#xCCD;&#xCA5;&#xCBE;&#xCA8;&#xCA6; &#xCAA;&#xCB0;&#xCBF;&#xC9A;&#xCAF;</subfield>
  </datafield>
  <datafield tag="260" ind1=" " ind2=" ">
    <subfield code="a">Bantwala</subfield>
    <subfield code="c">2017</subfield>
  </datafield>
  <datafield tag="300" ind1=" " ind2=" ">
    <subfield code="a">vi,102</subfield>
    <subfield code="b">PB</subfield>
  </datafield>
  <datafield tag="365" ind1=" " ind2=" ">
    <subfield code="b">110</subfield>
    <subfield code="c">Rs</subfield>
  </datafield>
  <datafield tag="650" ind1=" " ind2=" ">
    <subfield code="a">Tulu Drama</subfield>
    <subfield code="9">238776</subfield>
  </datafield>
  <datafield tag="650" ind1=" " ind2=" ">
    <subfield code="a">Tulu Literature</subfield>
    <subfield code="9">238777</subfield>
  </datafield>
  <datafield tag="906" ind1=" " ind2=" ">
    <subfield code="a">alettura ; daivasthanada ; Gramadaiva ; nandarebotti ; panjurli: ; parichaya ; shri</subfield>
  </datafield>
  <datafield tag="942" ind1=" " ind2=" ">
    <subfield code="2">ddc</subfield>
    <subfield code="c">BK</subfield>
  </datafield>
  <datafield tag="999" ind1=" " ind2=" ">
    <subfield code="c">211839</subfield>
    <subfield code="d">211839</subfield>
  </datafield>
  <datafield tag="952" ind1=" " ind2=" ">
    <subfield code="0">0</subfield>
    <subfield code="1">0</subfield>
    <subfield code="4">0</subfield>
    <subfield code="7">0</subfield>
    <subfield code="8">Tulu</subfield>
    <subfield code="a">AL</subfield>
    <subfield code="b">AL</subfield>
    <subfield code="d">2021-02-24</subfield>
    <subfield code="e">General Annual | Navakarnataka Publication Pvt Ltd Mangalore</subfield>
    <subfield code="g">110.00</subfield>
    <subfield code="l">1</subfield>
    <subfield code="o">T894.2 SANG</subfield>
    <subfield code="p">074653</subfield>
    <subfield code="r">2023-04-24 00:00:00</subfield>
    <subfield code="s">2023-04-11</subfield>
    <subfield code="v">88.00</subfield>
    <subfield code="w">2021-07-19</subfield>
    <subfield code="y">BK</subfield>
  </datafield>
</record>
